Handbook of international research in mathematics education /
Guardado en:
| Otros Autores: | |
|---|---|
| Formato: | Libro |
| Idioma: | English |
| Publicado: |
Mahwah, N.J. :
Lawrence Erlbaum,
2002.
|
| Materias: | |
| Acceso en línea: | Publisher description Table of contents Google Book Search |
| Etiquetas: |
Agregar Etiqueta
Sin Etiquetas, Sea el primero en etiquetar este registro!
|
| LEADER | 01061cam a22002534a 4500 | ||
|---|---|---|---|
| 001 | MAT.inmabb004790 | ||
| 008 | 011101s2002####njua#####b####001#0#eng## | ||
| 005 | 20130404155351.0 | ||
| 245 | 0 | 0 | |a Handbook of international research in mathematics education / |c edited by Lyn D. English. |
| 260 | |a Mahwah, N.J. : |b Lawrence Erlbaum, |c 2002. | ||
| 300 | |a xi, 835 p. : |b il. ; |c 26 cm. | ||
| 504 | |a Incluye referencias bibliográficas e índices. | ||
| 020 | |a 0805833714 | ||
| 020 | |a 0805842055 (pbk.) | ||
| 700 | 1 | |a English, Lyn D. |4 edt | |
| 246 | 3 | 0 | |a International research in mathematics education |
| 650 | 0 | |a Mathematics |x Study and teaching |x Research. | |
| 084 | |a 00A35 (97-06 00B10) |2 MR | ||
| 010 | |a 2001055582 | ||
| 040 | |a DLC |c DLC |d DLC | ||
| 856 | 4 | 2 | |3 Publisher description |u http://www.loc.gov/catdir/enhancements/fy0634/2001055582-d.html |
| 856 | 4 | 1 | |3 Table of contents |u http://www.loc.gov/catdir/enhancements/fy0702/2001055582-t.html |
| 856 | |u http://books.google.com/books?isbn=0805842055 |y Google Book Search | ||
| 859 | |h 97 |i H236 |p A-8489 |b BIB. MATEMATICA | ||
